000 00583nam a2200205Ia 4500
005 20250508165250.0
008 008 250505s9999 xx 000 0 eng d
020 _a0-19-563846-8
037 _aReference
040 _aFEDL
_beng
_cFEDL
041 _aeng
_2eng
084 _a491.433 2, OXF/RR
_qFEDL
100 _aMcGregor R S Ed.
245 0 _aOxford hindi- english dictionary
260 _aNew Delhi, India
_bOxford University Press
_c1993
300 _axx, 1083p.
365 _aINR
_b45
942 _cREF
_h491.433 2, OXF/RR
999 _c1394137
_d1394137